Images of power : (Record no. 128882)
[ view plain ]
| 000 -LEADER | |
|---|---|
| fixed length control field | 01032cam a2200265 a 4500 |
| 001 - CONTROL NUMBER | |
| control field | 3735324 |
| 003 - CONTROL NUMBER IDENTIFIER | |
| control field | ARRUPE |
| 005 - DATE AND TIME OF LATEST TRANSACTION | |
| control field | 20190131122613.0 |
| 008 - FIXED-LENGTH DATA ELEMENTS--GENERAL INFORMATION | |
| fixed length control field | 830128s1981 nyua cb 000 0 eng |
| 010 ## - LIBRARY OF CONGRESS CONTROL NUMBER | |
| LC control number | 81082030 |
| 040 ## - CATALOGING SOURCE | |
| Original cataloging agency | DLC |
| Transcribing agency | DLC |
| Modifying agency | DLC |
| 043 ## - GEOGRAPHIC AREA CODE | |
| Geographic area code | f-nr--- |
| 050 ## - LIBRARY OF CONGRESS CALL NUMBER | |
| Classification number | SPC. DT1058.K58 |
| Item number | L48 1989 |
| 082 00 - DEWEY DECIMAL CLASSIFICATION NUMBER | |
| Classification number | 730/.09669/3 |
| Edition number | 19 |
| 300 ## - PHYSICAL DESCRIPTION | |
| Other physical details | ill. ; |
| Dimensions | 24 cm. |
| 100 ## - MAIN ENTRY--PERSONAL NAME | |
| Personal name | Lewis-Williams, David |
| 9 (RLIN) | 44332 |
| 245 00 - TITLE STATEMENT | |
| Title | Images of power : |
| Remainder of title | understanding San rock art |
| Statement of responsibility, etc | David Lewis-William and Thomas Dowson |
| 260 ## - PUBLICATION, DISTRIBUTION, ETC. (IMPRINT) | |
| Place of publication, distribution, etc | Cape Town] : |
| Name of publisher, distributor, etc | Southern Book Publishers, |
| Date of publication, distribution, etc | c1989. |
| 300 ## - PHYSICAL DESCRIPTION | |
| Extent | xii, 196 p. : |
| 504 ## - BIBLIOGRAPHY, ETC. NOTE | |
| Bibliography, etc | Bibliography: p. 80. |
| 650 ## - SUBJECT ADDED ENTRY--TOPICAL TERM | |
| Topical term or geographic name as entry element | Khoikhoi (African people) |
| General subdivision | Antiquities |
| 9 (RLIN) | 44333 |
| 650 ## - SUBJECT ADDED ENTRY--TOPICAL TERM | |
| Topical term or geographic name as entry element | Khoikhoi (African people) |
| General subdivision | Rites and ceremonies |
| 9 (RLIN) | 44334 |
| 650 ## - SUBJECT ADDED ENTRY--TOPICAL TERM | |
| Topical term or geographic name as entry element | Symbolism in art |
| 9 (RLIN) | 38021 |
| 651 ## - SUBJECT ADDED ENTRY--GEOGRAPHIC NAME | |
| Geographic name | Africa, Southern |
| General subdivision | Antiquities |
| 9 (RLIN) | 21541 |
| 700 1# - ADDED ENTRY--PERSONAL NAME | |
| Personal name | Kaplan, Flora S. |
| 9 (RLIN) | 44335 |
| 700 1# - ADDED ENTRY--PERSONAL NAME | |
| Personal name | Shea, Mary Anne. |
| 9 (RLIN) | 44336 |
| 710 2# - ADDED ENTRY--CORPORATE NAME | |
| Corporate name or jurisdiction name as entry element | Grey Art Gallery & Study Center. |
| 9 (RLIN) | 44337 |
| 906 ## - LOCAL DATA ELEMENT F, LDF (RLIN) | |
| a | 7 |
| b | cbc |
| c | orignew |
| d | 2 |
| e | opcn |
| f | 19 |
| g | y-gencatlg |
| 942 ## - ADDED ENTRY ELEMENTS (KOHA) | |
| Source of classification or shelving scheme | Library of Congress Classification |
| Koha item type | SPC |
| Withdrawn status | Lost status | Source of classification or shelving scheme | Damaged status | Not for loan | Collection code | Home library | Current library | Shelving location | Date acquired | Total Checkouts | Full call number | Barcode | Date last seen | Price effective from | Koha item type |
|---|---|---|---|---|---|---|---|---|---|---|---|---|---|---|---|
| Library of Congress Classification | SPECIAL Collection | ARRUPE LIBRARY | ARRUPE LIBRARY | REFERENCE | 31/01/2019 | SPC. DT1058.K58 L48 1989 | 46600003559 | 31/01/2019 | 31/01/2019 | SPC |